000 00649nam a2200193 a 4500
001 000025359
005 20200930023731.0
008 110215s1990 dr a r 000 0 spa d
040 _aDO-SdBNP
_bspa
_cBNPHU
082 _axxxx
_bJ61m
100 1 _aJiménez, Elida
_911636
245 1 0 _aManual del bibliotecario escolar /
_cElida Jiménez ; colaboradores Ana Marina Méndez, Eva Florinda Rojas.
260 _aSanto Domingo :
_fIsmaelitos
_c1990.
300 _a157 p. :
_bil. ;
_c22 cm.
500 _aIncluye índice de materias
504 _aBibliografía : p. 156-157
700 1 _aMéndez, Ana Marina
_937560
700 1 _aRojas, Eva Florinda
_951933
999 _c24851
_d24851